MARC details
| 000 -CABECERA |
| campo de control de longitud fija |
01146nam a2200229 a 4500 |
| 001 - NÚMERO DE CONTROL |
| campo de control |
000035999 |
| 005 - FECHA Y HORA DE LA ÚLTIMA TRANSACCIÓN |
| campo de control |
20200930074805.0 |
| 008 - DATOS DE LONGITUD FIJA--INFORMACIÓN GENERAL |
| campo de control de longitud fija |
110818s1971 dr 000 0 spa d |
| 040 ## - FUENTE DE LA CATALOGACIÓN |
| Centro catalogador/agencia de origen |
DO-SdBNP |
| Lengua de catalogación |
spa |
| Centro/agencia transcriptor |
BNPHU |
| 082 ## - NÚMERO DE LA CLASIFICACIÓN DECIMAL DEWEY |
| Número de clasificación |
780.97293 |
| Número de documento/Ítem |
V635p, 1971 |
| 100 1# - ENTRADA PRINCIPAL--NOMBRE DE PERSONA |
| Nombre de persona |
Vicioso Soto, Horacio. |
| 9 (RLIN) |
23658 |
| 245 10 - MENCIÓN DE TÍTULO |
| Título |
Panorama de la música en Santo Domingo / |
| Mención de responsabilidad, etc. |
Horacio Vicioso Soto ; introducción Eudoro Sánchez y Sánchez. |
| 260 ## - PUBLICACIÓN, DISTRIBUCIÓN, ETC. |
| Lugar de publicación, distribución, etc. |
Santo Domingo : |
| Nombre del editor, distribuidor, etc. |
Editorial la Nación, |
| Fecha de publicación, distribución, etc. |
1971. |
| 300 ## - DESCRIPCIÓN FÍSICA |
| Extensión |
34 p. ; |
| Dimensiones |
22 cm. |
| 500 ## - NOTA GENERAL |
| Nota general |
Conferencia pronunciada por el Dr. Horacio Vicioso Soto, Asuntos Jurídicos de la Cancillería, el día 18 de mayo de 1971, en la Biblioteca Nacional bajo el patrocinio del "Círculo Diplomático" de Santo Domingo |
| 590 ## - NOTA LOCAL (RLIN) |
| Nota local |
Inventariado, 2019/VM |
| 650 #4 - PUNTO DE ACCESO ADICIONAL DE MATERIA--TÉRMINO DE MATERIA |
| Término de materia o nombre geográfico como elemento de entrada |
Música dominicana |
| Subdivisión general |
Historia y crítica |
| -- |
Ensayos conferencias, etc. |
| 9 (RLIN) |
62028 |
| 650 #4 - PUNTO DE ACCESO ADICIONAL DE MATERIA--TÉRMINO DE MATERIA |
| Término de materia o nombre geográfico como elemento de entrada |
Música aborígen |
| Subdivisión general |
Historia |
| -- |
Ensayos conferencias, etc. |
| 9 (RLIN) |
62029 |
| 700 1# - PUNTO DE ACCESO ADICIONAL--NOMBRE DE PERSONA |
| Nombre de persona |
Sánchez y Sánchez, Eudoro |
| Fechas asociadas al nombre |
[1895-? ] |
| 9 (RLIN) |
62030 |
| 710 2# - PUNTO DE ACCESO ADICIONAL--NOMBRE DE ENTIDAD CORPORATIVA |
| Nombre de entidad corporativa o nombre de jurisdicción como elemento de entrada |
República Dominicna |
| Unidad subordinada |
Presidencia de la República, |
| -- |
Secretariado Técnico |
| 9 (RLIN) |
62031 |
| 910 ## - DATOS DE OPCIÓN DEL USUARIO (OCLC) |
| Datos de opción del usuario |
Validado. Control de calidad MFF |